000 00361nam a2200145Ia 4500
005 20250729165739.0
008 250729s2014 xx 000 0 und d
041 _aeng
082 _a372.25 RAOM
100 _aV K Rao
_9232007
245 _aManagement Education
260 _aNew Delhi
_bA P H PUBLISHING
_c2014
300 _a258p
650 _aEducation
_9232008
999 _c239567
_d239567